000 00414nam a2200145Ia 4500
008 211109s9999||||xx |||||||||||||| ||und||
082 _a335.4
_bKAP-M
100 _aKappen, S
245 0 _aMarxian Darsanathinu Oramukham
260 _bUnknown Publisher
_aNo Place
_c1989
300 _a116p.
630 _xGeneral stack
650 _aSocialism & related systems
_vEconomics
_xSocial sciencesGeneralia
942 _cBOOK
999 _c49744
_d49744